A$AP Ferg Discography - Statistics

General Stats
  • This quiz has been taken 8 times
    4 since last reset
  • The average score is 2 of 6
Answer Stats
Year Name Type % Correct
2013 Trap Lord Album
75%
2019 Floor Seats EP
50%
2020 Floor Seats II Mixtape
50%
2016 Always Strive and Prosper Album
25%
2017 Still Striving Mixtape
25%
2014 Ferg Forever Mixtape
0%
No matching quizzes found
Score Distribution
Percent of People with Each Score
Percentile by Number Answered
Your Score History
You have not taken this quiz since the last reset